指定国立大学 - Statistics

General Stats
  • This quiz has been taken 82 times
  • The average score is 8 of 9
Answer Stats
Answer % Correct
東京
100%
大阪
100%
東北
99%
名古屋
99%
京都
97%
九州
97%
東京科学
84%
一橋
81%
筑波
75%
No matching quizzes found
Score Distribution
Percent of People with Each Score
Percentile by Number Answered
Your Score History
You have not taken this quiz